000 00936nam a2200289Ia 4500
003 OSt
005 20221006144120.0
006 a|||||r|||| 00| 0
007 ta
008 221006b |||||||| |||| 00| 0 eng d
020 _a0873324196
_c5702.00
024 _a10,913
037 _cTextual
040 _aEASL
_cEASL
_beng
041 _2eng
_aeng
082 _aQ641, M9
100 _aCROUCH Archie R etc.
_9650895
245 0 _aChristianity in China
_b a scholars' guide to resources in the libraries and archives of the United States
260 _aArmonk
_bM.E. Sharpe
_c1989
300 _a709p.
_ccm.
490 _v CEL
650 _a CEL
650 _a China-Church history-Library resources-United States-Directories
_9650896
650 _aChristianity-China-Library resources-United States-Directories
_9650897
942 _hQ641, M9
_cTEXL
_2CC
999 _c1078999
_d1078999